Loading...
Science - Chemistry | 0 | 5 | 0 | 0 | 50 | 81 | 95.40 | 2 | 3 |
Literature - World Literature | 0 | 4 | 0 | 1 | 40 | 86 | 108.75 | 0 | 4 |
Fine Arts - Other Arts | 0 | 3 | 0 | 0 | 30 | 79 | 95.00 | 0 | 2 |
Philosophy | 0 | 3 | 0 | 1 | 30 | 113 | 115.67 | 0 | 1 |
Other Academic | 1 | 1 | 0 | 0 | 25 | 67 | 73.50 | 1 | 1 |
Auditory Arts | 0 | 2 | 0 | 0 | 20 | 100 | 101.00 | 0 | 2 |
Literature - European Literature | 0 | 1 | 0 | 0 | 10 | 92 | 92.00 | 0 | 1 |
Literature - British Literature | 0 | 1 | 0 | 0 | 10 | 118 | 118.00 | 0 | 0 |
Literature - American Literature | 0 | 1 | 0 | 0 | 10 | 130 | 130.00 | 1 | 1 |
History - Other History | 0 | 1 | 0 | 0 | 10 | 130 | 130.00 | 0 | 0 |
Science - Biology | 0 | 1 | 0 | 0 | 10 | 106 | 106.00 | 0 | 0 |
Science - Other Science | 0 | 1 | 0 | 0 | 10 | 115 | 115.00 | 0 | 1 |
Science - Physics | 0 | 1 | 1 | 0 | 5 | 93 | 93.00 | 0 | 0 |
Beliefs | 0 | 0 | 0 | 0 | 0 | 0.00 | 0 | 0 | |
Social Science | 0 | 0 | 1 | 0 | -5 | 0.00 | 0 | 0 |